LEADER 01214nam a2200313 u 4500 001 000000001340 003 CaOOAMICUS 005 20070226104313.0 008 940513s1984 it u000 u ita u 035 $a10030506 040 $aPUL(R)$bita 041 1 $aita$alat 100 1 $aSpinoza, Benedictus de,$d1632-1677.$0(OLS)http://pul/name/1480 245 10$aEthica /$cBenedicti de Spinoza. 250 $a2. ed. 260 $aFirenze :$bSansoni,$c1984. 300 $axxviii, 855 p. ;$c20 cm 490 1 $aClassici della filosofia 500 $aTesto latino a fronte. 500 $aTraduzione dal latino di Gaetano Durante. 500 $aNote di Giovanni Gentile; rivedute e ampliate da Giorgio Radetti. 700 1 $aRadetti, Giorgio.$0(OLS)http://pul/name/1483 700 1 $aGentile, Giovanni,$d1875-1944.$0(OLS)http://pul/name/1482 700 1 $aDurante, Gaetano.$0(OLS)http://pul/name/1481 850 $aPUL 852 $aPUL$W1$xDP1 Altre Collocazioni$y17$mSenza collocazione$j12$nBK-PRI$b $qStampati$B1780$CPULBib$Z2$F1780 $H $81 941 1 $a8 996 $6245$aEthica$9(OLS)http://pul/title/2002 996 $6260$aFirenze :$bSansoni$9(OLS)http://pul/publisher/47896 LEADER 01334nam a2200301 a 4500 001 000000132610 003 CaOOAMICUS 005 20130206105318.0 008 130206s2006 po u000 u por r 020 $z972-9290-19-9* 040 $aPUL$bita 082 04$a262 100 1 $aFonseca Mendes, Hélder.$0(OLS)http://pul/name/85423 245 10$aDo espírito santo à Trindade :$bum programa social de cristianismo inculturado /$cHélder Fonseca Mendes. 260 $aPorto :$bUniversidade Católica Portuguesa,$c2006. 300 $a291 p. ;$c23 cm 490 1 $aBiblioteca humanística e teológica ;$v16 504 $aBibliografia p. 267-288. 650 4$aEcclesiologia.$0(OLS)http://pul/subject/22628 830 0$aBiblioteca humanística e teológica ;$v16.$0(OLS)http://pul/title/94599 850 $aPUL 852 $aPUL$W1$xDP2 Religione 3$y114$m262 FONHE 1$j152585$qDDC 21$B151958$CPULBib$Z2$F151958 $H103088 $82 941 1 $a9 996 $6020$z972-9290-19-9*$9(OLS)http://pul/number/151739 996 $6082$a262$9(OLS)http://pul/classification/438 996 $6245$aDo espírito santo à Trindade :$bum programa social de cristianismo inculturado$9(OLS)http://pul/title/167551 996 $6260$aPorto :$bUniversidade Católica Portuguesa$9(OLS)http://pul/publisher/74564